| 000 | 01675nam a22003135a 4500 | ||
|---|---|---|---|
| 999 |
_c27368 _d27339 |
||
| 003 | EG-ScBUE | ||
| 005 | 20190411113128.0 | ||
| 008 | 190411s2018 ua gr 000 0 ara d | ||
| 017 | _a2016 / 26402 | ||
| 020 | _a9789775217240 | ||
| 040 |
_aEG-ScBUE _bara _cEG-ScBUE _dEG-ScBUE |
||
| 041 | 1 |
_aara _heng |
|
| 082 | 0 | 4 |
_a303.3 _bج ر ي _222 |
| 100 | 1 | _aجرين، روبرت. | |
| 240 | 1 | 0 |
_a48 Laws of Power. _lArabic |
| 245 | 1 | 0 |
_aقواعد السطوة / _cتأليف روبرت جرين ؛ ترجمة وتقديم هشام الحناوي. |
| 250 | _aط. 1. | ||
| 260 |
_aالقاهرة : _bأقلام عربية للنشر والتوزيع، _c2018. |
||
| 300 |
_a700 ص. ؛ _c24 سم. |
||
| 500 | _a"من أعلى الكتب مبيعا في العالم"-- صفحة الغلاف. | ||
| 504 | _aهذا الكتاب ترجم إلى أكثر من 20 لغة، وقرأة الملايين حول العالم، وأصبح كالظاهرة في الغرب؛ ليس فقط لأن الكاتب قد استطاع باقتدار بمراجعته لسير ونصائح العظماء الذين غيروا التاريخ أن يجد طرقًا محددة وواضحة لتحقيق العزة والمكانة يقدما للمتعطشين ممن أحبطتهم التجارب، ولقادة الفكر والأعمال والسياسة. | ||
| 546 | _aالنص باللغة العربية ؛ مترجم من اللغة الإنجليزية. | ||
| 650 | 7 |
_aالقيادة. _2BUEsh |
|
| 650 | 7 |
_aعلم النفس الاجتماعي. _2BUEsh |
|
| 651 | _2BUEsh | ||
| 653 |
_bGGEN _bHHUUPPSS _cApril2019 |
||
| 700 | 1 |
_aحناوي، هشام، _eمترجم. |
|
| 942 | _2ddc | ||